000 00449nam a2200169Ia 4500
008 230917s9999||||xx |||||||||||||| ||und||
020 _cRS 1495.00
040 _e5011322
_aMAIN
041 _aEnglish
082 _a581.64 R189P
100 _aRatnam, S Venkat
245 0 _aPlant biosystematics
260 _aNew Delhi
_bPrints Publications
_c2022
300 _aix, 306 p.
500 _a4572 11/10/2022 RK22/1717 14/10/2022 UIET (SFS)
942 _cBK
999 _c5736
_d5736